000 00464nam a22001697a 4500
005 20251108164142.0
008 250721s1970 xx 000 0 ara d
082 1 4 _a210.4/عبا
100 1 _aالعقاد، عباس محمود
245 1 0 _aما يقال عن الإسلام /
264 1 _aالقاهرة :
_bدار الهلال،
_c1970.
300 _a194 ص
650 1 7 _aالإسلام
650 1 7 _aالمقالات
942 _2ddc
_cBK
999 _c4947
_d4947